000 00300nam a22001337a 4500
008 170731b xxu||||| |||| 00| 0 eng d
020 _a0942319001
041 _aeng
080 _23RD
_a004
100 _a32
101 _aSHK
245 _aTRENDS IN INFORMATION TECHNOLOGY
_cARTHUR
942 _2udc
_cBK
999 _c22293
_d22293